Practical accounting one : includes SMEs : (Record no. 3920)

MARC details
000 -LEADER
fixed length control field 00690nam a22002057a 4500
003 - CONTROL NUMBER IDENTIFIER
control field OSt
005 - DATE AND TIME OF LATEST TRANSACTION
control field 20250731055354.0
008 - FIXED-LENGTH DATA ELEMENTS--GENERAL INFORMATION
fixed length control field 250731b |||||||| |||| 00| 0 eng d
020 ## - INTERNATIONAL STANDARD BOOK NUMBER
International Standard Book Number 9789719919780
040 ## - CATALOGING SOURCE
Original cataloging agency DWCL-Main lib
Transcribing agency OC
082 ## - DEWEY DECIMAL CLASSIFICATION NUMBER
Classification number Fil. 657 V173p 2015
100 ## - MAIN ENTRY--PERSONAL NAME
Personal name Conrado T. Valix
245 ## - TITLE STATEMENT
Title Practical accounting one : includes SMEs :
Remainder of title CPA examination, volume two/
Statement of responsibility, etc. Conrado T. Valix
250 ## - EDITION STATEMENT
Edition statement 2015 edition
260 ## - PUBLICATION, DISTRIBUTION, ETC.
Place of publication, distribution, etc. Manila :
Name of publisher, distributor, etc. GIC Enterprises,
Date of publication, distribution, etc. c2015.
300 ## - PHYSICAL DESCRIPTION
Extent 737 pages ;
Dimensions 23 cm.
650 ## - SUBJECT ADDED ENTRY--TOPICAL TERM
Topical term or geographic name entry element 1. Acounting--Problems, exercises, ets.
650 ## - SUBJECT ADDED ENTRY--TOPICAL TERM
Topical term or geographic name entry element 2. Accounting--Examinations, questions, etc.
942 ## - ADDED ENTRY ELEMENTS (KOHA)
Source of classification or shelving scheme Dewey Decimal Classification
Koha item type Book-Filipiniana
Edition 2015 edition
Call number prefix Fil.
Suppress in OPAC No
952 ## - LOCATION AND ITEM INFORMATION (KOHA)
--
952 ## - LOCATION AND ITEM INFORMATION (KOHA)
--
952 ## - LOCATION AND ITEM INFORMATION (KOHA)
--
Holdings
Withdrawn status Lost status Source of classification or shelving scheme Damaged status Not for loan Home library Current library Shelving location Date acquired Source of acquisition Cost, normal purchase price Total Checkouts Full call number Barcode Date last seen Copy number Price effective from Koha item type Uniform Resource Identifier
    Dewey Decimal Classification     College Library College Library Filipiniana 12/02/2015 School Fund 300.00   Fil. 657 V173p 2015 51255 07/31/2025 c3 07/31/2025 BK - FIL
    Dewey Decimal Classification     College Library College Library Filipiniana 12/02/2015 School Fund 300.00   Fil. 657 V173p 2015 51254 07/31/2025 c2 07/31/2025 BK - FIL
    Dewey Decimal Classification     College Library College Library Filipiniana 12/02/2015 School Fund 300.00   Fil. 657 V173p 2015 51253 07/31/2025 c1 07/31/2025 BK - FIL